Najlepší biatlonista všetkých čias

Bibliographic Details
Main Author: Seifert, Manfred (Author)
Format: Article
Language:Slovak
PhysicalDescription:Obr. 1.
Subjects:

MARC

LEADER 00000nab a2200000 a 4500
001 vtls000177425
003 SK-MaSNL
005 20260302201841.0
008 150501c1984 xo 0 slo
015 |a SNBRB19rr/mm-uuuuu 
035 |a CL0187538 
040 |a SNKBUCL  |b slo  |c SNKBUCL  |e AACR2 
041 0 |a slo 
044 |a xo  |c SK 
080 |a 796.928.077  |2 1981 
080 |a 929 Ullrich, Frank  |2 1981 
100 1 |a Seifert, Manfred  |4 aut  |9 922790 
245 1 0 |a Najlepší biatlonista všetkých čias  |c Manfred Seifert 
300 |b Obr. 1. 
650 0 7 |a Ullrich, Frank  |2 snkbucl  |9 922791 
655 7 |a články z novín a časopisov  |2 snkbucl  |9 267496 
773 0 |t Štart  |g Roč. 29, č. 3 (1984), s. 8 
850 |a Slovenská národná knižnica v Martine  |a MTA001 
852 |a SNK  |b KIS3GCP 
958 |a RK 
958 |a DE 
992 |a RBX 
999 |c 1462425  |d 1464355